000 01655cam a22004574i 4500
003 PE-LiUPU
005 20250731173121.0
008 150623s2002 ag rb 000 0 spa d
020 _a9879403444
035 _a(Sirsi) i9789879403440
040 _aPE-LiUPU
_bspa
_cPE-LiUPU
_erda
049 _aPRUA
082 0 4 _a261.1
_bH25
_221
100 1 _aHaugen, Gary A.,
_eautor.
245 1 0 _aBuenas noticias acerca de la injusticia :
_bun testimonio de valentía en un mundo sufriente /
_cGary A. Haugen.
264 1 _aBuenos Aires :
_bEdiciones Kairós,
_c2002.
300 _a269 páginas ;
_c21 centímetros
336 _atext
_2rdacontent
337 _aunmediated
_2rdamedia
338 _avolume
_2rdacarrier
504 _aIncluye bibliografía.
505 0 _aAsumir el reto -- Esperanza en medio de la desesperación: las cuatro afirmaciones de Dios sobre la justicia -- Instrumentos en el mundo real para rescatar a los oprimidos.
526 _aSEG42
526 _aSEG41
526 _aSEG40
526 _aSEG39
526 _aP94
526 _aP87
526 _aP86
526 _aP85
526 _aP77
526 _aP76
526 _aP35
650 0 4 _aCristianismo e injusticia.
942 _2ddc
_cBOOK
949 _a261.1 H25
_wDEWEY
_c1
_i49564
_lCCODEBUL1
_mBUL
_r0
_sY
_tBOOK
_u2015-6-24
_xTEOLOGIA
_PP35
_0COMPRA
_o.STAFF. Colección Teología
994 _aC0
_bPEPRU
596 _a1
999 _a261.1 H25
_wDEWEY
_c32333
_i49564
_f2021-11-10
_g5
_lCCODEBUL1
_mBUL
_p29.42
_r0
_sY
_tBOOK
_u2015-6-24
_xTEOLOGIA
_PP35
_0COMPRA
_o.STAFF. Colección Teología
_d32333
980 _81
_gALBERTO SANCHEZ Responsable de Automatización